| 000 | 01798nam a2200289Ia 4500 | ||
|---|---|---|---|
| 003 | PE SENCICO BE | ||
| 005 | 20251020182427.0 | ||
| 008 | 200515s9999 xx 000 0 und d | ||
| 020 | _a978-607-17-2116-7 | ||
| 040 |
_aPE SENCICO BE _cPE SENCICO BE |
||
| 041 | _aspa | ||
| 082 |
_a721.0467 _bK99 |
||
| 100 | 1 |
_aKwok, Alison G. _91355 _eautor |
|
| 245 | 1 | 0 |
_aManual de diseño ecológico en arquitectura / _cAlison G. Kwok, Walter T. Grondzik |
| 250 | _a[1a ed.] | ||
| 260 |
_aMéxico, D. F. : _bTrillas, _c2015 |
||
| 300 |
_a416 p. : _bil. col., diagrs. ; _c27 cm. |
||
| 520 | 3 | _aEsta obra tiene como finalidad proporcionar la información necesaria para utilizar y aplicar adecuadamente diversas estrategias verdes que se pueden incluir y adaptar a cualquier proyecto de edificación en su etapa de diseño. Cada estrategia incluye una descripción de los principios y conceptos, así como sugerencias para integrarla en el edificio verde; se presentan procedimientos paso a paso para ayudar al dimensionamiento preliminar de componentes y se hacen referencias a la normatividad vigente. Además, incluye guías de diseño e información complementaria, croquis conceptuales y ejemplos. Con este manual podrás analizar diversos casos de estudio, lo que te permitirá generar ideas y adaptarlas a proyectos de clase o en el ámbito profesional, ya que este libro está dirigido tanto a estudiantes de arquitectura, como a profesionales de la construcción y empresas afines. | |
| 650 | 1 | 0 |
_aArquitectura ecológica _9806 |
| 650 | 2 | 0 |
_aArquitectura y clima _9188 |
| 650 | 2 | 0 |
_aDecoración y ornamentación _9389 |
| 650 | 2 | 0 |
_aDiseño arquitectónico _918 |
| 650 | 2 | 0 |
_aTecnología ecológica _91297 |
| 700 | 1 |
_91356 _aGrondzik, Walter T. _eautor |
|
| 942 |
_cLIB _2ddc |
||
| 999 |
_c125 _d125 |
||